UBT Library

Administrative law / (Record no. 39563)

000 -LEADER
fixed length control field 00658cam a2200241 a 4500
001 - CONTROL NUMBER
control field 13274247
005 - DATE AND TIME OF LATEST TRANSACTION
control field 20171228063531.0
008 - FIXED-LENGTH DATA ELEMENTS--GENERAL INFORMATION
fixed length control field 030714s2003 nyu 001 0 eng
010 ## - LIBRARY OF CONGRESS CONTROL NUMBER
LC control number 2003272236
020 ## - INTERNATIONAL STANDARD BOOK NUMBER
International Standard Book Number 0735542945
040 ## - CATALOGING SOURCE
Original cataloging agency DLC
Transcribing agency DLC
Modifying agency DLC
041 ## - LANGUAGE CODE
Language code of text/sound track or separate title eng
042 ## - AUTHENTICATION CODE
Authentication code pcc
043 ## - GEOGRAPHIC AREA CODE
Geographic area code n-us---
080 ## - UNIVERSAL DECIMAL CLASSIFICATION NUMBER
Universal Decimal Classification number 342.7306076 BEE
082 00 - DEWEY DECIMAL CLASSIFICATION NUMBER
Classification number 342.7306076 BEE
Edition number 22
100 1# - Rafti
Rafti 14
101 ## - Shkurtesa
Shkurtesa JUR
245 10 - TITLE STATEMENT
Title Administrative law /
Statement of responsibility, etc Jack M. Beermann.
906 ## - LOCAL DATA ELEMENT F, LDF (RLIN)
a 7
b cbc
c orignew
d 2
e ncip
f 20
g y-gencatlg
942 ## - ADDED ENTRY ELEMENTS (KOHA)
Source of classification or shelving scheme
Item type Books
Holdings
Withdrawn status Lost status Source of classification or shelving scheme Damaged status Not for loan Collection code Permanent location Current location Shelving location Date acquired Total Checkouts Full call number Barcode Date last seen Price effective from Koha item type
          Koleksioni i përgjithshem UBT - Lipjan UBT - Lipjan Koleksioni i përgjithshem 12/28/2017   342.7306076 BEE 002-2994015 12/28/2017 12/28/2017 Books
          Koleksioni i përgjithshem UBT - Lipjan UBT - Lipjan Koleksioni i përgjithshem 12/28/2017   342.7306076 BEE 002-2994239 12/28/2017 12/28/2017 Books
          Koleksioni i përgjithshem UBT - Lipjan UBT - Lipjan Koleksioni i përgjithshem 12/28/2017   342.7306076 BEE 002-2994234 12/28/2017 12/28/2017 Books
UBT Library © 2015-2024. All rights reserved University Education for Business and Technology